000 00429nam a2200157 4500
001 127933
003 ES-MaACL
005 20230906193125.0
007 t|
008 070214s1973 ck r ||||1| spa d
100 1 _aRivero, Mario.
_997687
245 1 0 _aBotero /
_cpor Mario Rivero.
260 _aBogotá :
_bPlaza y Janés,
_c1973.
300 _a101 p., 6 lám. col. :
_bil. ;
_c22 cm.
852 _aES-MaACL
_jC-55465
_bR.88188
999 _c127933
_d127933